|
|
|
|
| LEADER |
00000cam a2200000 7i4500 |
| 001 |
0000000105 |
| 005 |
20020305.0 |
| 020 |
0 |
0 |
|a 9830680975
|
| 090 |
0 |
0 |
|a 005.369
|b STE 1997
|
| 100 |
1 |
0 |
|a STEPHEN
|h Moira
|
| 245 |
1 |
0 |
|a Powerpoint cara mudah
|c Moira Stephen; penterjemah Nor Saidin Sahlan dan Sazali Hj. Kadlan
|
| 260 |
0 |
0 |
|a Kuala Lumpur :
|b ITNM ,
|c 1997
|
| 300 |
|
|
|a x, 148 p. :
|b ill. ;
|c 25 cm.
|
| 500 |
0 |
0 |
|a Includes index
|
| 650 |
0 |
0 |
|a Computer software
|
| 650 |
0 |
0 |
|a Powerpoint
|
| 700 |
0 |
1 |
|a Nor Saidin Sahlan
|
| 700 |
0 |
1 |
|a Sazali Hj. Kadlan
|
| 998 |
|
|
|a JPSM
|
| 999 |
|
|
|a 0000001078
|b Monograph
|c Open Shelf
|e Default branch
|